ბათუმის შოთა რუსთაველის სახელმწიფო უნივერსიტეტის ბიბლიოთეკა

ურთიერთშეცვლადობა, სტანდარტიზაცია და ტექნიკური გაზომვები : ნაწ.I. (ბიბ.ჩანაწერი № 40196)

000 -ლიდერი
ფიქსირებული სიგრძის საკონტროლო ველი 01158nam a2200217Ia 4500
001 - საკონტროლო ნომერი
საკონტროლო ველი 6803
003 - საკონტროლო ნომრის იდენტიფიკატორი
საკონტროლო ველი GE_BSU
005 - ბოლო ოპერაციის თარიღი და დრო
საკონტროლო ველი 20190628162734.0
008 - ფიქსირებული სიგრძის მონაცემთა ელემენტები - ზოგადი ინფორმაცია
ფიქსირებული სიგრძის საკონტროლო ველი 181216s1982|||| |||||||||||||| ||geo||
041 ## - ენის კოდი
Language code of text/sound track or separate title geo
080 ## - უნივერსალური ათობითი კლასიფიკაციის ინდექსი
Universal Decimal Classification number 621.01+006+681+620 მ-80
100 ## - მთავარი ჩანაწერი - პიროვნების სახელი
Personal name მორბედაძე, მ.
9 (RLIN) 3066
245 ## - ცნობა სათაურის შესახებ
Title ურთიერთშეცვლადობა, სტანდარტიზაცია და ტექნიკური გაზომვები : ნაწ.I.
Remainder of title დამხმ. სახელმძღ. /
Statement of responsibility, etc მ. მორბედაძე ; კ. ნუცუბიძე ; რ. ბოკერია ; რედ : მ.ძიძიგური.
264 ## - წარმოების, გამოცემის, დისტრიბუციის და სხვა ცნობები
გამოცემის, წარმოების, დისტრიბუციის... ადგილი თბილისი :
გამოცემის, წარმოების, დისტრიბუციის... სახელწოდება სპი,
გამოცემის, წარმოების, დისტრიბუციის... თარიღი 1982.
300 ## - ფიზიკური აღწერა
Extent 107 გვ .:
Dimensions 20 სმ.
653 ## - INDEX TERM--UNCONTROLLED
Uncontrolled term ურთიერთშეცვლადობა, სტანდარტიზაცია და ტექნიკური გაზომვები
700 ## - ADDED ENTRY--PERSONAL NAME
Personal name ნუცუბიძე, კ.
9 (RLIN) 3067
700 ## - ADDED ENTRY--PERSONAL NAME
Personal name ბოკერია, რ
9 (RLIN) 3068
700 ## - ADDED ENTRY--PERSONAL NAME
Personal name ძიძიგური, მ
Relator term რედაქტორი
9 (RLIN) 472
942 ## - ADDED ENTRY ELEMENTS (KOHA)
Koha item type წიგნი
Source of classification or shelving scheme
ეგზემპლარები
ჩამოწერის სტატუსი დაკარგული ეგზემპლარის სტატუსი კლასიფიკაციის წყარო ან თაროზე გაწყობის სქემა დაზიანების სტატუსი არ გაიცემა მუდმივი მდებარეობა (დაცვის ადგილი) ამჟამინდელი ადგილსამყოფელი თაროზე განთავსების ადგილი შეძენის თარიღი ღირებულება, შესყიდვის ნორმალური ფასი სრული შენახვის შიფრი შტრიხკოდი ბოლო ოპერაციის თარიღი ეგზემპლარის მიმდევრობითი ნომერი (კეტერი?) ფასის ძალაში შესვლის თარიღი ეგზემპლარის სახეობა საჯარო შენიშვნა
          ტექნოლოგიური ფაკულტეტის ბიბლიოთეკა ტექნოლოგიური ფაკულტეტის ბიბლიოთეკა წიგნსაცავი 2018-12-17 0.00 621.01+006+681+620 მ-80 11070 2018-12-17 11070 2018-12-17 წიგნი 0,34 თ.
          ტექნოლოგიური ფაკულტეტის ბიბლიოთეკა ტექნოლოგიური ფაკულტეტის ბიბლიოთეკა წიგნსაცავი 2018-12-17 0.00 621.01+006+681+620 მ-80 11071 2018-12-17 11071 2018-12-17 წიგნი 0,34 თ.